Univocalic U.S. Cities Quiz Stats

 Plays Quiz not verified by Sporcle

Score 0/23 Timer 05:00
0 Plays Today
Rank City % Correct
9Dallas, TX
96.1%
22Boston, MA
88.8%
40Atlanta, GA
83.2%
26Denver, CO
81.6%
55Tampa, FL
77.1%
16Fort Worth, TX
54.7%
57Santa Ana, CA
53.1%
78Norfolk, VA
44.1%
182Savannah, GA
44.1%
146Tempe, AZ
40.8%
232Provo, UT
39.7%
269Flint, MI
38%
Rank City % Correct
94Irving, TX
35.2%
87Garland, TX
30.2%
221Santa Clara, CA
28.5%
65Stockton, CA
27.4%
206Concord, CA
26.8%
261Billings, MT
26.8%
157Rockford, IL
21.2%
249Arvada, CO
16.8%
268Everett, WA
14%
213Thornton, CO
8.9%
256Carlsbad, CA
7.3%

You're not logged in!

Compare scores with friends on all Sporcle quizzes.
OR
Log In

Sporcle TV

Today on Sporcle TV


Watch our educational content, quiz creation guides, and fun videos on Sporcle TV.

Show Comments

Extras

Top Quizzes Today


Score Distribution

Your Account Isn't Verified!

In order to create a playlist on Sporcle, you need to verify the email address you used during registration. Go to your Sporcle Settings to finish the process.

Report this User

Report this user for behavior that violates our Community Guidelines.

Details: